All Players bought by Manchester City Since 2015/16 - Statistics

General Stats
  • This quiz has been taken 123 times
  • The average score is 19 of 34
Answer Stats
Country Fee (£) Position Answer % Correct
Belgium 55,000,000 CAM De Bruyne
96%
Brazil 35,000,000 GK Ederson
94%
Germany 20,000,000 CM Gundogan
93%
Algeria 60,000,000 RW Mahrez
93%
England 47,500,000 CB Stones
93%
France 57,000,000 CB Laporte
92%
France 52,000,000 LB Mendy
92%
Spain 68,200,000 CDM Rodri
92%
England 45,000,000 RB Walker
92%
Portugal 60,000,000 RB/LB Cancelo
91%
Brazil 27,000,000 ST/LW Jesus
91%
Germany 37,000,000 LW Sane
90%
England 44,000,000 LW/RW Sterling
90%
Portugal 43,000,000 RW/CM/CAM Silva
89%
Ukraine 1,700,000 LB Zinchenko
89%
Chile 17,100,000 GK Bravo
88%
Argentina 32,000,000 CB Otamendi
82%
United States 7,000,000 GK Steffen
71%
Brazil 26,500,000 RB Danilo
70%
Spain 5,350,000 LB Angelino
44%
England 8,000,000 CDM Delph
41%
Spain 13,800,000 ST Nolito
41%
Australia Free CM Mooy
39%
Brazil 10,700,000 CDM Luiz
15%
Spain 11,000,000 RWB/RB Porro
15%
Turkey 2,000,000 ST Unal
15%
Netherlands 2,250,000 CB Sandler
14%
France Free CAM Gomes
13%
Iran/Australia 500,000 LW/RW/CAM Arzani
7%
England 11,000,000 CDM Roberts
6%
England Undisclosed LW/LM/RW Harrison
3%
Australia 100,000 CM Cáceres
2%
Nigeria 3,000,000 ST Kayode
2%
England 4,000,000 LW Rogers
1%
No matching quizzes found
Score Distribution
Percent of People with Each Score
Percentile by Number Answered
Your Score History
You have not taken this quiz